Kupní smlouva a smlouva o dílo podle německého práva

Saved in:
Bibliographic Details
Main Author: Fessl, Vladimír, st
Format: Book
Language:Czech
Published: Krnov Konzulex-Mropor 1993
Edition:1. vyd.
Subjects:
Tags: Add Tag
No Tags, Be the first to tag this record!

MARC

LEADER 00000nam a2200000 4500
001 c004503
005 20221214082335.1
020 |a 80-85299-10-0 
041 0 |a cze 
044 |a CZ 
245 1 0 |a Kupní smlouva a smlouva o dílo podle německého práva  |c Vladimír St. Fessl 
250 |a 1. vyd. 
264 1 |a Krnov  |b Konzulex-Mropor  |c 1993 
300 |a 130 s. 
610 2 0 |a zmluvy kúpne 
610 2 0 |a zmluvy o dielo 
610 2 0 |a zákonník obchodný 
610 2 0 |a Nemecko 
610 2 0 |a metodika 
610 2 0 |a Česko 
610 2 0 |a zmluvy obchodné 
100 1 |a Fessl, Vladimír, st.